000 00456nam a2200157 i 4500
001 22598
003 ES-MaACL
007 t|
008 021203s1933 sp ||||1| spa d
100 1 _aAlonso-Misol, Félix.
_920362
245 1 0 _aNociones de Geometría proyectiva /
_cpor Félix Alonso-Misol.
250 _a3ª ed.
260 _aMadrid :
_b[s.n.,
_c1933] (
_fNuevas Gráficas)
300 _aVIII, 849 p. ;
_c23 cm.
852 _aES-MaACL
_jE-2334
_bR.24262
999 _c22598
_d22598